Guess the Asian country by populations - Statistics

General Stats
  • This quiz has been taken 7 times
  • The average score is 11 of 15
Answer Stats
Population Country % Correct
1,425,671,352 China
100%
172,954,319 Bangladesh
83%
1,428,627,663 India
83%
277,534,122 Indonesia
83%
89,172,767 Iran
83%
123,294,513 Japan
83%
240,485,658 Pakistan
83%
117,337,368 Philippines
83%
144,444,359 Russia
83%
71,801,279 Thailand
83%
85,816,199 Turkey
83%
521,021 Maldives
67%
36,947,025 Saudi Arabia
67%
3,447,157 Mongolia
33%
2,716,391 Qatar
33%
No matching quizzes found
Score Distribution
Percent of People with Each Score
Percentile by Number Answered
Your Score History
You have not taken this quiz